| 000 | 00532nam a22001577a 4500 | ||
|---|---|---|---|
| 008 | 130225t xxu||||| |||| 00| 0 eng d | ||
| 082 |
_222 ed. _a348.6761 _bKAM |
||
| 100 |
_aEdited by Rwakafuzi, Kiiza Ladislaus _96913 |
||
| 245 |
_aKampala Law Reports cited as 1998 / _cEdited by Ladislaus Kiiza Rwakafuzi |
||
| 260 | _aKampala, Uganda : | ||
| 300 |
_axxiv, 965 P. ; _c25 cm. |
||
| 650 |
_aLaw Reports _96816 |
||
| 650 |
_aKampala Law Reports _96914 |
||
| 650 |
_aKampala Law Reports cited as 1998 _96923 |
||
| 942 |
_2ddc _cLRT _01 |
||
| 999 |
_c5269 _d5269 |
||